| 000 | 01037cam a2200337 a 4500 | ||
|---|---|---|---|
| 008 | |||
| 020 | _a0881677736 (set) | ||
| 049 | _aMAIN | ||
| 090 |
_aREF RC903 _bKID |
||
| 245 | 0 | 4 |
_aThe Kidney : _bphysiology and pathophysiology / _ceditors, Donald W. Seldin, Gerhard Giebisch. |
| 250 | _a2nd ed. | ||
| 260 |
_aNew York : _bRaven Press, _cc1992. |
||
| 300 |
_a3 v. (xxxi, 3816 p.) : _bill. ; _c29 cm. |
||
| 650 | 0 | _aWater-electrolyte imbalances. | |
| 650 | 0 | _aWater-electrolyte balance (Physiology) | |
| 650 | 0 |
_aKidneys _xDiseases. |
|
| 650 | 0 | _aKidneys. | |
| 650 | 2 |
_aKidney Diseases _xphysiopathology. |
|
| 650 | 2 |
_aKidney _xphysiopathology. |
|
| 650 | 2 | _aKidney Diseases. | |
| 700 | _aGiebisch ,Gerhard | ||
| 700 | _aSeldin ,Donald | ||
| 700 | 1 | _aSeldin, Donald W. | |
| 700 | 1 | _aGiebisch, Gerhard H. | |
| 700 | 1 | _aDunn, Michael J. | |
| 907 |
_a.b1025223x _b07-05-12 _c02-10-07 |
||
| 003 | |||
| 005 | 20230120203954.0 | ||
| 040 | _cNUST | ||
| 942 |
_cBOOKS _kREF RC903 _mKID |
||
| 999 |
_c114845 _d114845 |
||